000 00836nam a22002537a 4500
001 BRCA_9407
003 FranzMayer
005 20230918125456.0
008 230904b |||||||| |||| 00| 0 eng d
020 _a9786077859048
040 _aMFM
_bESPAÑOL
_cMFM
050 0 _aNK7198
_bS75 2010
110 1 _4Responsable
_aSeb Stian
_929583
240 _aLa plata y el arte
_lEspañol
245 0 _aLa plata y el arte
260 _aMéxico
_bAeditores
_c2010
300 _a1 v
_bIlustraciones a color
_c33 cm
500 _aAnexo 1
500 _aEl libro no cuenta con numeración
505 _aTexto en: españolIncluye índice temáticoIncluye bibliografíaDirigido a: artesanos, joyeros y artistas
650 1 _2Trabajos en plata
_aJoyería
_vArte con plata
_929584
651 2 _2Minerales
_aPlatería
_929585
942 _2lcc
_cB
999 _c11029
_d11029